000 00356 a2200169 4500
001 162943
020 _a85-00-92869-7
040 _cMagnum
100 _aJunqueira, Sonia
240 1 0 _aManhã atrapalhada
_lpor
245 1 0 _aManhã atrapalhada
300 _a15
362 0 _a1995
440 1 _aEdiouro
697 _aLITERATURA INFANTIL
942 _cBK
999 _c162943
_d162943